La responsabilidad civil / (Record no. 35499)

MARC details
000 -LEADER
campo de control de longitud fija 00716nam a2200205 i 4500
001 - NÚMERO DE CONTROL
campo de control 35499
003 - IDENTIFICADOR DE NÚMERO DE CONTROL
campo de control ES-MaACL
005 - FECHA Y HORA DE LA ÚLTIMA TRANSACCIÓN
campo de control 20230906155135.0
007 - CAMPO FIJO DE DESCRIPCIÓN FÍSICA--INFORMACIÓN GENERAL
campo de control de longitud fija t|
008 - DATOS DE LONGITUD FIJA--INFORMACIÓN GENERAL
campo de control de longitud fija 030213s1958 sp ||||1| spa d
100 1# - ENTRADA PRINCIPAL--NOMBRE DE PERSONA
Nombre de persona Bonasi Benucci, Eduardo.
9 (RLIN) 30077
245 13 - MENCIÓN DEL TÍTULO
Título La responsabilidad civil /
Mención de responsabilidad, etc. Eduardo Bonasi Benucci ; traducción y notas de Derecho Español por Juan V. Fuentes Lojo y José Peré Raluy.
260 ## - PUBLICACIÓN, DISTRIBUCIÓN, ETC.
Lugar de publicación, distribución, etc. Barcelona :
Nombre del editor, distribuidor, etc. José María Bosch,
Fecha de publicación, distribución, etc. 1958 (
Fabricante Vda. de Daniel Cochs)
300 ## - DESCRIPCIÓN FÍSICA
Extensión 406 p. ;
Dimensiones 20 cm.
650 #4 - PUNTO DE ACCESO ADICIONAL DE MATERIA--TÉRMINO DE MATERIA
Término de materia o nombre geográfico como elemento de entrada Responsabilidad civil.
9 (RLIN) 166014
700 1# - ENTRADA AGREGADA--NOMBRE PERSONAL
Nombre de persona Fuentes Lojo, Juan V.
9 (RLIN) 52932
700 1# - ENTRADA AGREGADA--NOMBRE PERSONAL
Nombre de persona Pere Raluy, José.
9 (RLIN) 186867
852 ## - LOCALIZACIÓN
Ubicación ES-MaACL
Número de control de estantería C-14068
Sublocalización o colección R.41743
Holdings
Estatus retirado Estado de pérdida Estado de daño No para préstamo Biblioteca de origen Biblioteca actual Ubicación en estantería Fecha de adquisición Fuente de adquisición Total de préstamos Signatura topográfica completa Código de barras Visto por última vez Precio de reemplazo Tipo de ítem Koha
        Biblioteca del Ateneo de Madrid Biblioteca del Ateneo de Madrid Sala Palomar 17/01/2008     C-14068 1037149 23/02/2023 23/02/2023 Libro impreso